Statystyki dla Największe miasta w Polsce na literę O

Kliknij tutaj aby rozwiązać quiz!

Ogólne statystyki

  • Ten quiz został rozwiązany 3 191 razy
  • Średni wynik to 5 z 10

Statystyki odpowiedzi

Rank.Liczba mieszańcówWojewództwoMiasto% Poprawnych
2.128.035opolskieOpole
97%
1.171.979warmińsko-mazurskieOlsztyn
94%
3.71.931wielkopolskieOstrów Wielkopolski
53%
4.68.338świętokrzyskieOstrowiec Świętokrzyski
45%
5.52.055mazowieckieOstrołęka
44%
10.33.108dolnośląskieOława
42%
9.35.170małopolskieOlkusz
42%
6.44.635mazowieckieOtwock
42%
7.38.008małopolskieOświęcim
41%
8.37.142dolnośląskieOleśnica
37%

Rozkład punktacji

Percentyl według liczby udzielonych odpowiedzi

Procent ludzi z każdym wynikiem

Twoja historia wyników

Nie rozwiązałeś tego quizu